000 00856cam a22002777i 4500
008
020 _a9781133628484 (pbk.)
049 _aMAIN
090 _aTK7868.L6
_bROT
100 1 _aRoth, Charles H.
245 1 0 _aFundamentals of logic design /
_cCharles H. Roth, Jr and Larry L. Kinney.
250 _a7th ed.
260 _aAustralia :
_bCengage Learning,
_c2014.
300 _axxiii, 791 p. :
_bill. (some col.) ;
_c24 cm.
504 _aIncludes bibliographical references.
650 0 _aLogic circuits.
650 0 _aLogic design.
650 0 _aLogic design
_vProblems, exercises, etc.
655 7 _aProblems, exercises, etc.
700 1 _aKinney, Larry L.
907 _a.b10387663
_b17-01-18
_c17-01-18
003
005 20230123141051.0
040 _cNUST
942 _cBOOKS
_kTK7868.L6
_mROT
999 _c167093
_d167093